Vsadiť na odmeňovanie výkonnosti?
Hľadanie ciest na zvyšovanie produktivity a výkonnosti pracovných miest. Rôznorodosť názorov k uvedenej problematike. Odporúčania manažérov z praxe k zvyšovaniu efektívnosti riadenia výkonnosti.
Saved in:
| Main Author: | |
|---|---|
| Format: | Book Chapter |
| Language: | Slovak |
| Subjects: | |
| Tags: |
No Tags, Be the first to tag this record!
|
MARC
| LEADER | 00000naa a2200000 4500 | ||
|---|---|---|---|
| 001 | 0164749 | ||
| 005 | 20231116121916.6 | ||
| 041 | 0 | |a slo | |
| 044 | |a SK | ||
| 245 | 1 | 0 | |a Vsadiť na odmeňovanie výkonnosti? |c Ivan Burger |
| 520 | |a Hľadanie ciest na zvyšovanie produktivity a výkonnosti pracovných miest. Rôznorodosť názorov k uvedenej problematike. Odporúčania manažérov z praxe k zvyšovaniu efektívnosti riadenia výkonnosti. | ||
| 610 | 2 | 0 | |a riadenie výkonov |
| 610 | 2 | 0 | |a produktivita práce |
| 610 | 2 | 0 | |a odmeňovanie |
| 610 | 2 | 0 | |a miesta pracovné |
| 610 | 2 | 0 | |a motivácia pracovná |
| 100 | 1 | |a Burger, Ivan | |